Hyperlove - All Songs - MIKA - Statistics

General Stats
  • This quiz has been taken 9 times
  • The average score is 13 of 15
Answer Stats
Answer % Correct
Bells
100%
Dreams
100%
Eleven
100%
Hyperlove
100%
Immortal Love
100%
Modern Times
100%
Spinning Out
100%
Excuses For Love
83%
Nicotine
83%
Science Fiction Lover
83%
All The Same
67%
Interlude Everything's Beautiful
67%
Interlude Immortal Dream
67%
Interlude Please Take Your Problems With You
50%
Take Your Problems With You
50%
No matching quizzes found
Score Distribution
Percent of People with Each Score
Percentile by Number Answered
Your Score History
You have not taken this quiz